Town and Country Planning (Environmental Impact Assessment) (Amendment) (England) Regulations 2008 (Record no. 108623)

MARC details
000 -LEADER
fixed length control field 01672cad a22002415a 4500
001 - CONTROL NUMBER
control field L144830
008 - FIXED-LENGTH DATA ELEMENTS--GENERAL INFORMATION
fixed length control field 080812s20080807xxk f lf000 0 eng d
035 ## - SYSTEM CONTROL NUMBER
System control number (Sirsi) u144830
041 0# - LANGUAGE CODE
Language code of text/sound track or separate title eng
050 04 - LIBRARY OF CONGRESS CALL NUMBER
Classification number 711.1 $2 18
110 2# - MAIN ENTRY--CORPORATE NAME
Corporate name or jurisdiction name as entry element United Kingdom
Form subheading Laws, etc.
9 (RLIN) 5044
245 00 - TITLE STATEMENT
Title Town and Country Planning (Environmental Impact Assessment) (Amendment) (England) Regulations 2008
Medium [electronic resource]
260 ## - PUBLICATION, DISTRIBUTION, ETC.
Place of publication, distribution, etc. London
Name of publisher, distributor, etc. OPSI
Date of publication, distribution, etc. 2008
520 ## - SUMMARY, ETC.
Summary, etc. Legislation amends the Town and Country Planning (Environmental Impact Assessment) (England and Wales) Regulations 1991 so that they apply to applications for subsequent approval of matters under conditions attached to planning permissions. They also amend the Town and Country Planning (Determination of Appeals by Appointed Persons) (Prescribed Classes) Regulations 1997 so as to provide for appointed persons (i.e. planning inspectors) to determine appeals against enforcement notices in cases where an environmental statement is required. These regulations come into force 1 September 2008 and apply to England only.
521 ## - TARGET AUDIENCE NOTE
Target audience note Advanced
650 24 - SUBJECT ADDED ENTRY--TOPICAL TERM
Topical term or geographic name entry element TOWN AND COUNTRY PLANNING (ENVIRONMENTAL IMPACT ASSESSMENT) (AMENDMENT) (ENGLAND) REGULATIONS 2008
650 24 - SUBJECT ADDED ENTRY--TOPICAL TERM
Topical term or geographic name entry element TOWN AND COUNTRY PLANNING (ENVIRONMENTAL IMPACT ASSESSMENT) (ENGLAND AND WALES) REGULATIONS 1991
650 24 - SUBJECT ADDED ENTRY--TOPICAL TERM
Topical term or geographic name entry element TOWN AND COUNTRY PLANNING (DETERMINATION OF APPEALS BY APPOINTED PERSONS)(PRESCRIBED CLASSES) REGULATIONS 1997
651 #4 - SUBJECT ADDED ENTRY--GEOGRAPHIC NAME
Geographic name England
Chronological subdivision 886-
690 ## - LOCAL SUBJECT ADDED ENTRY--TOPICAL TERM (OCLC, RLIN)
Topical term or geographic name as entry element Planning and development
9 (RLIN) 6259
856 40 - ELECTRONIC LOCATION AND ACCESS
Uniform Resource Identifier <a href="https://www.opsi.gov.uk/si/si2008/uksi_20082093_en_1">https://www.opsi.gov.uk/si/si2008/uksi_20082093_en_1</a>
Public note View the item free of charge online at www.opsi.gov.uk...
942 ## - ADDED ENTRY ELEMENTS (KOHA)
Suppress in OPAC 0
Holdings
Withdrawn status Lost status Source of classification or shelving scheme Damaged status Not for loan Home library Current library Shelving location Date acquired Total Checkouts Full call number Barcode Date last seen Copy number Price effective from Koha item type
    Dewey Decimal Classification     Virtual Virtual Online 12/08/2008   ONLINE PUBLICATION 144830-1001 06/08/2019 1 06/08/2019 Book